| 000 | 01123nam a22002177a 4500 | ||
|---|---|---|---|
| 999 |
_c17573 _d17573 |
||
| 005 | 20251125232858.0 | ||
| 008 | s2534 th tha d | ||
| 040 | _aNALT | ||
| 041 | _atha | ||
| 245 | 1 | 0 | _aพระราชบัญญัติพนักงานรัฐวิสาหกิจสัมพันธ์ พ.ศ. 2534 พร้อมด้วยพระราชบัญญัติแรงงานสัมพันธ์ (ฉบับที่ 2) พ.ศ. 2534 |
| 260 | 3 |
_aกรุงเทพฯ : _bนิติธรรม, _c2534 |
|
| 300 |
_a27 หน้า ; _b 21 ซม. |
||
| 650 | 0 | 4 | _aพนักงานรัฐวิสาหกิจ |
| 650 | 0 | 4 | _aพนักงานรัฐวิสาหกิจสัมพันธ์ (พ.ร.บ.) -- 2534 |
| 650 | 0 | 4 | _aแรงงานสัมพันธ์ (พ.ร.บ.) -- ฉบับที่ 2 -- 2534 |
| 850 | _aNALT | ||
| 856 | 4 | 0 |
_uhttps://hdl.handle.net/20.500.14156/424163 _71 |
| 942 |
_cLB _2lcc |
||
| 998 |
_j25 _k นีลวัสน์ อินทรักษา |
||
| 090 | _aKM207 พ194 2534 | ||